[Event "Istanbul Open 2018"]
[Site "Istanbul"]
[Date "2018.09.02"]
[Round "2"]
[White "Asgarov, Nihad"]
[Black "Emir, Emirhan"]
[Result "0-1"]
[WhiteElo "1937"]
[BlackElo "1852"]
[Annotator "NA"]
[PlyCount "76"]
[EventDate "2018.09.02"]
[EventType "swiss"]
[EventCountry "TUR"]
[SourceTitle "playchess.com"]
[Source "ChessBase"]
[SourceQuality "1"]
[TimeControl "5400+30"]

1. e4 {[%emt 0:00:30]} e6 {[%emt 0:00:30]} 2. d4 {[%emt 0:00:00]} d5 {[%emt 0:00:00]} 3. e5 {[%emt 0:00:00]} c5 {[%emt 0:00:00]} 4. c3 {[%emt 0:00:00]} Nc6 {[%emt 0:00:00]} 5. Nf3 {[%emt 0:00:00]} Qb6 {[%emt 0:00:00]} 6. Bd3 {[%emt 0:00:30]} cxd4 {[%emt 0:00:30]} 7. cxd4 {[%emt 0:00:00]} Bd7 {[%emt 0:00:00]} ({Vergiftet wäre} 7... Nxd4 $2 8. Nxd4 Bc5 9. Nb5 $18) 8. O-O {[%emt 0:00:00]} Nxd4 {[%emt 0:01:00]} 9. Nxd4 {[%emt 0:00:00]} Qxd4 {[%emt 0:00:00]} 10. Nc3 {[%emt 0:00:00]} a6 {[%emt 0:00:00]} 11. Qe2 {[%emt 0:00:30]} Qb6 {[%emt 0:01:30]} 12. Kh1 {[%emt 0:00:30]} Rc8 {[%emt 0:03:30] C02: Französische Verteidigung (Vorstoßvariante)} 13. f4 {[%emt 0:00:30]} g6 $146 {[%emt 0:01:30]} ({Vorgänger:} 13... Bc5 14. f5 Bd4 15. Bg5 Bxc3 16. bxc3 Rxc3 17. Bd2 Rc6 18. Qg4 Ne7 19. Rab1 Qc7 20. Qxg7 Rf8 21. f6 {1-0 (21) Bohak,J (2382)-Jaksa,C (2000) ICCF email 1999}) 14. g4 {[%emt 0:09:30]} Ne7 {[%emt 0:07:30]} 15. Bd2 {[%emt 0:23:30]} (15. Be3 $17 {keeps fighting.} d4 16. Bf2) 15... h5 {[%emt 0:03:30]} ({Don't play} 15... Qxb2 16. Rab1 $15) 16. f5 {[%emt 0:03:30]} exf5 {[%emt 0:02:30]} 17. gxf5 {[%emt 0:00:30]} gxf5 {[%emt 0:00:30]} 18. e6 {[%emt 0:12:30]} fxe6 {[%emt 0:10:30]} 19. Bxf5 {[%emt 0:07:30]} exf5 {[%emt 0:06:30]} ({Weaker is} 19... Nxf5 20. Rxf5 Be7 21. Re1 $17) 20. Rae1 {[%emt 0:05:30]} Qc6 $19 {[%emt 0:07:30]} 21. Qe5 {[%emt 0:08:30]} d4+ {[%emt 0:00:30]} 22. Nd5 {[%emt 0:00:00]} Qxd5+ {[%emt 0:01:30]} 23. Qxd5 {[%emt 0:01:00]} Bc6 {[%emt 0:00:00]} 24. Rxf5 {[%emt 0:01:30]} Bxd5+ {[%emt 0:00:00]} 25. Rxd5 {[%emt 0:00:00]} Rd8 {[%emt 0:00:30]} 26. Rde5 {[%emt 0:01:00]} Rd7 {[%emt 0:01:30]} 27. Bb4 {[%emt 0:00:00]} d3 {[%emt 0:00:30]} 28. Kg2 {[%emt 0:01:00]} d2 {[%emt 0:00:30]} 29. Rd1 {[%emt 0:00:00]} Bg7 {[%emt 0:01:30]} 30. Rxe7+ {[%emt 0:00:00]} Rxe7 {[%emt 0:00:00]} 31. Bxe7 {[%emt 0:00:30]} Kxe7 {[%emt 0:00:00]} 32. Rxd2 {[%emt 0:00:00]} Rd8 {[%emt 0:00:30]} 33. Re2+ {[%emt 0:00:00]} Kf7 {[%emt 0:00:30]} 34. Kh3 {[%emt 0:00:30]} Bf6 {[%emt 0:00:30]} 35. Rc2 {[%emt 0:00:00]} Rd3+ {[%emt 0:00:30]} 36. Kg2 {[%emt 0:00:00]} Kg6 {[%emt 0:00:00]} 37. b3 {[%emt 0:00:30]} b5 {[%emt 0:00:00]} 38. Kf1 {[%emt 0:00:30]} Rd1+ {[%emt 0:00:30]} 0-1

[Event "Istanbul Open 2018"]
[Site "Istanbul"]
[Date "2018.09.02"]
[Round "2"]
[White "Acarbay, Aydin"]
[Black "Guven, Oguz Kagan"]
[Result "0-1"]
[WhiteElo "1894"]
[BlackElo "2022"]
[Annotator "NA"]
[PlyCount "56"]
[EventDate "2018.09.02"]
[EventType "swiss"]
[EventCountry "TUR"]
[SourceTitle "playchess.com"]
[Source "ChessBase"]
[SourceQuality "1"]
[TimeControl "5400+30"]

1. d4 {[%emt 0:00:30]} Nf6 {[%emt 0:02:30]} 2. c4 {[%emt 0:00:30]} c5 {[%emt 0:00:00]} 3. Nf3 {[%emt 0:01:30]} cxd4 {[%emt 0:00:00]} 4. Nxd4 {[%emt 0:00:30]} e5 {[%emt 0:00:30]} 5. Nc2 {[%emt 0:08:30]} Nc6 {[%emt 0:06:30] LiveBook: 23 Partien A31: Symmetrical English: 2 Nf3 Nf6 3 d4} (5... d5 6. cxd5 Qxd5 7. Qxd5 Nxd5 8. e4 Nb4 9. Nxb4 Bxb4+ 10. Bd2 Bxd2+ 11. Nxd2 Ke7 12. Bc4 Nc6 13. Rc1 Rd8 14. Nf3 Bg4 15. Bd5 Bxf3 16. gxf3 Nd4 17. Kd2 Ne6 18. Ke3 {0-1 (45) Ftacnik,L (2548)-Salem,A (2628) Baku 2016}) 6. g3 {[%emt 0:02:30]} Bc5 {[%emt 0:07:30]} ({Black should play} 6... d5 $15) 7. Bg2 {[%emt 0:03:30]} d6 {[%emt 0:00:30]} 8. O-O {[%emt 0:02:30]} Be6 {[%emt 0:00:30]} 9. Ne3 $146 {[%emt 0:12:30]} ({Predecessor:} 9. b3 O-O 10. Nc3 h6 11. Be3 Bxe3 12. Nxe3 Ne8 13. Ned5 {1-0 (42) Herrera,P (2080)-Tomeo,N (2050) Ciudadela 2008}) 9... Bxe3 {[%emt 0:06:30]} 10. Bxe3 {[%emt 0:00:30]} O-O {[%emt 0:03:30]} 11. b3 {[%emt 0:10:30]} d5 {[%emt 0:06:30]} 12. Bc5 {[%emt 0:14:30]} Re8 {[%emt 0:00:30]} 13. cxd5 {[%emt 0:00:30]} Bxd5 {[%emt 0:01:30]} 14. Bxd5 {[%emt 0:02:30]} Nxd5 {[%emt 0:01:30]} 15. Qd2 {[%emt 0:02:30]} b6 {[%emt 0:13:30]} 16. Rd1 {[%emt 0:07:30]} Nf6 {[%emt 0:00:30]} 17. Ba3 {[%emt 0:07:30]} Qc8 {[%emt 0:05:30]} 18. e3 {[%emt 0:02:02]} e4 {[%emt 0:10:30]} 19. Bb2 {[%emt 0:05:56]} Qf5 {[%emt 0:02:30]} 20. Bxf6 {[%emt 0:01:20]} Qxf6 {[%emt 0:00:30]} 21. Na3 {[%emt 0:06:18]} Rad8 {[%emt 0:02:30]} 22. Qe2 {[%emt 0:00:38]} Ne5 $15 {[%emt 0:00:30]} 23. Rxd8 {[%emt 0:02:38]} Rxd8 {[%emt 0:00:30]} 24. Rd1 {[%emt 0:01:02]} Rd3 {[%emt 0:02:30]} 25. Rc1 {[%emt 0:01:40]} g6 {[%emt 0:00:30]} 26. Nc4 {[%emt 0:00:55]} Nf3+ {[%emt 0:00:30]} 27. Kg2 {[%emt 0:00:19]} b5 {[%emt 0:00:30]} 28. Qb2 {[%emt 0:00:39]} Qf5 {[%emt 0:05:53]} 0-1

[Event "Istanbul Open 2018"]
[Site "Istanbul"]
[Date "2018.09.02"]
[Round "2"]
[White "Tahaoglu, Ugur Barkin"]
[Black "Mohannad, Farhan"]
[Result "0-1"]
[WhiteElo "1893"]
[BlackElo "2201"]
[Annotator "NA"]
[PlyCount "136"]
[EventDate "2018.09.02"]
[EventType "swiss"]
[EventCountry "TUR"]
[SourceTitle "playchess.com"]
[Source "ChessBase"]
[SourceQuality "1"]
[TimeControl "5400+30"]

1. d4 {[%emt 0:00:30]} Nf6 {[%emt 0:00:30]} 2. Bf4 {[%emt 0:00:00]} Ng8 {[%emt 0:00:30]} 3. Bc1 {[%emt 0:00:00]} Nf6 {[%emt 0:00:30]} 4. Bf4 {[%emt 0:00:30]} e6 {[%emt 0:00:00]} 5. e3 {[%emt 0:00:30]} c5 {[%emt 0:00:00]} 6. c3 {[%emt 0:03:30]} b6 {[%emt 0:00:30]} 7. Nd2 {[%emt 0:00:30]} Bb7 {[%emt 0:00:30]} 8. Ngf3 {[%emt 0:00:00]} Be7 {[%emt 0:00:30]} 9. Bd3 {[%emt 0:02:00]} d6 {[%emt 0:00:30] LiveBook: 10 Games} 10. Qe2 {[%emt 0:01:30] A47: 1 d4 Nf6 2 Nf3 b6: Torre, London and Colle Systems} (10. O-O O-O 11. h3 Nc6 12. Qe2 Qc7 13. Ba6 Rad8 14. Bxb7 Qxb7 15. Bg5 h6 16. Bxf6 Bxf6 17. Rad1 Rfe8 18. Rfe1 d5 19. Qb5 a6 20. Qb3 {1-0 (50) Fridman,D (2569)-Movsesian,S (2624) playchess.com INT 2005}) 10... Nc6 {[%emt 0:01:30]} 11. Rd1 {[%emt 0:05:30]} cxd4 {[%emt 0:02:30]} 12. exd4 {[%emt 0:03:30]} O-O $146 {[%emt 0:00:30]} ({Predecessor:} 12... Qd7 13. O-O Nd5 14. Bg3 O-O-O 15. c4 Ndb4 16. Bb1 {1-0 (30) Vospernik,M (2073)-Orel,K (1982) Bled 2004}) 13. O-O {[%emt 0:01:30]} Re8 {[%emt 0:00:30]} 14. Ne4 {[%emt 0:06:30]} Nxe4 {[%emt 0:03:30]} 15. Qxe4 {[%emt 0:01:30]} g6 {[%emt 0:00:30]} 16. Qe3 {[%emt 0:04:30]} Rc8 {[%emt 0:03:30]} 17. h4 {[%emt 0:07:30]} Na5 {[%emt 0:00:30]} 18. Qe2 {[%emt 0:06:30]} Bf6 {[%emt 0:09:30]} 19. h5 {[%emt 0:08:30]} Qc7 {[%emt 0:03:30]} 20. Ng5 {[%emt 0:17:30]} e5 {[%emt 0:16:30]} 21. Nxh7 {[%emt 0:05:30]} Kxh7 {[%emt 0:00:00]} 22. hxg6+ {[%emt 0:00:30]} Kg8 {[%emt 0:00:00]} 23. Qg4 {[%emt 0:08:17]} Bg7 {[%emt 0:04:30]} 24. dxe5 {[%emt 0:05:27]} dxe5 {[%emt 0:00:30]} 25. Bh6 {[%emt 0:04:25]} e4 {[%emt 0:10:30]} 26. Bxg7 {[%emt 0:01:38]} (26. Bf4 $16 Qe7 27. Bb5 fxg6 28. Bxe8 (28. Qxg6 Bc6 $11) 28... Rxe8 29. Rd6 (29. Qxg6 Rf8 $14)) 26... f5 $1 {[%emt 0:00:30]} (26... exd3 27. gxf7+ Qxf7 28. Be5+ Kf8 29. Bd6+ Re7 30. Rxd3 $18) 27. Qxf5 {[%emt 0:03:00]} Kxg7 {[%emt 0:00:00]} 28. Bb5 {[%emt 0:01:19]} Re7 {[%emt 0:00:30]} 29. Rd7 {[%emt 0:01:02]} Rxd7 {[%emt 0:00:30]} 30. Bxd7 {[%emt 0:00:06]} Rf8 {[%emt 0:00:00]} 31. Qh3 {[%emt 0:01:34]} Rh8 {[%emt 0:00:00]} 32. Qg3 {[%emt 0:00:41]} Qxg3 {[%emt 0:04:30]} 33. fxg3 {[%emt 0:00:02]} Kxg6 {[%emt 0:00:30]} 34. Bf5+ {[%emt 0:00:50]} Kg7 {[%emt 0:00:30]} 35. g4 {[%emt 0:00:35]} Re8 {[%emt 0:00:30]} 36. Rd1 {[%emt 0:00:25]} Re7 {[%emt 0:00:30]} 37. Rd6 $2 {[%emt 0:00:36]} (37. Kf2 {was worth a try.}) 37... Nc4 {[%emt 0:07:30]} 38. Rg6+ {[%emt 0:00:19]} Kf8 {[%emt 0:00:30]} 39. Be6 {[%emt 0:00:30]} Rxe6 {[%emt 0:01:30]} 40. Rxe6 {[%emt 0:00:02]} Nxb2 {[%emt 0:00:30]} 41. Kf2 {[%emt 0:00:52]} Nd1+ {[%emt 0:00:30]} 42. Kg3 {[%emt 0:00:36]} Nxc3 {[%emt 0:00:30]} 43. g5 {[%emt 0:00:40]} Bd5 {[%emt 0:03:00]} 44. Re5 {[%emt 0:00:30]} Bxa2 {[%emt 0:01:30]} 45. Kf4 {[%emt 0:00:13]} a5 {[%emt 0:03:30]} 46. g6 {[%emt 0:00:14]} (46. Ke3 $142 a4 47. Kd2) 46... a4 47. Kg5 a3 48. Kh6 Bg8 49. g7+ Kf7 50. Rf5+ Ke7 51. Rf8 Bd5 52. Ra8 a2 53. Ra7+ Kf6 54. g4 e3 55. g5+ Kf5 56. g6 Bg8 57. Ra8 Kg4 58. Ra4+ Kg3 59. Ra8 e2 60. Rxg8 e1=Q 61. Rf8 Qh1+ 62. Kg5 Ne4+ 63. Kf5 Qf3+ 64. Ke6 Qg4+ 65. Ke7 Qg5+ 66. Kf7 Qf6+ 67. Kg8 Qxg6 68. Kh8 a1=Q 0-1

[Event "Istanbul Open 2018"]
[Site "Istanbul"]
[Date "2018.09.02"]
[Round "2"]
[White "Onur, Cem"]
[Black "Gulsoy, Mustafa Alpago"]
[Result "0-1"]
[WhiteElo "1890"]
[BlackElo "2061"]
[Annotator "NA"]
[PlyCount "126"]
[EventDate "2018.09.02"]
[EventType "swiss"]
[EventCountry "TUR"]
[SourceTitle "playchess.com"]
[Source "ChessBase"]
[SourceQuality "1"]
[TimeControl "5400+30"]

1. e4 {[%emt 0:00:30]} c6 {[%emt 0:00:30]} 2. d4 {[%emt 0:00:00]} g6 {[%emt 0:00:30]} 3. Nf3 {[%emt 0:01:00]} d5 {[%emt 0:00:30]} 4. exd5 {[%emt 0:02:30]} cxd5 {[%emt 0:00:30]} 5. Bd3 {[%emt 0:00:30]} Nc6 {[%emt 0:00:30]} 6. c3 {[%emt 0:00:30]} Bg7 {[%emt 0:00:30]} 7. O-O {[%emt 0:00:30]} Nh6 {[%emt 0:00:30]} 8. Bf4 {[%emt 0:09:30]} f6 {[%emt 0:00:30] B13: Caro-Kann (Abtausch-Variante 4.c4)} (8... O-O 9. Re1 Re8 10. Qd2 Nf5 11. Na3 a6 12. Nc2 f6 13. c4 dxc4 14. Bxc4+ Kh8 15. Rad1 b5 16. Bf7 Rf8 17. Be6 Bxe6 18. Rxe6 {½-½ (34) Singer,C (2401)-Bayer,B (2411) Austria 2018}) 9. c4 {[%emt 0:15:30]} O-O {[%emt 0:09:30]} 10. cxd5 {[%emt 0:02:30]} Qxd5 {[%emt 0:01:30]} 11. Nc3 {[%emt 0:05:30]} Qd8 {[%emt 0:07:30]} 12. Qb3+ $146 {[%emt 0:02:30]} ({Vorgänger:} 12. d5 Ne5 13. Be2 Nxf3+ 14. Bxf3 g5 15. Be3 {1-0 (44) Anwuli,D (2179)-Martin,O (2042) Lagos 2015}) 12... Kh8 {[%emt 0:02:30]} 13. d5 {[%emt 0:00:30]} Na5 {[%emt 0:02:30]} 14. Qa4 {[%emt 0:02:30]} Bd7 {[%emt 0:04:30]} 15. Qd4 {[%emt 0:03:30]} (15. Bb5 $16 Bf5 16. Bxh6 Bxh6 17. Qh4) 15... b6 {[%emt 0:12:30]} ({Black should play} 15... e5 $14 16. dxe6 Bxe6) 16. Bxh6 {[%emt 0:04:30]} Bxh6 {[%emt 0:01:30]} 17. Qh4 {[%emt 0:00:30]} Kg7 {[%emt 0:00:30]} 18. Nd4 {[%emt 0:03:30]} a6 {[%emt 0:03:30]} (18... f5 $16) 19. Rad1 {[%emt 0:04:30]} b5 {[%emt 0:02:30]} 20. Ne6+ {[%emt 0:13:30]} Bxe6 {[%emt 0:00:00]} 21. dxe6 {[%emt 0:00:30]} Qb6 {[%emt 0:12:00]} 22. Nd5 {[%emt 0:08:30]} Qa7 {[%emt 0:01:30]} 23. b4 {[%emt 0:07:20]} Nc6 {[%emt 0:00:00]} 24. Be4 {[%emt 0:00:16]} Ne5 {[%emt 0:23:44]} 25. Nxe7 {[%emt 0:02:36]} Qxe7 {[%emt 0:00:30]} 26. Bxa8 {[%emt 0:00:03]} Rxa8 {[%emt 0:01:27]} 27. f4 {[%emt 0:00:09]} Qxb4 {[%emt 0:01:46]} 28. Qg3 {[%emt 0:04:46]} Bxf4 {[%emt 0:04:37]} 29. Rxf4 {[%emt 0:00:53]} Qe7 {[%emt 0:00:08]} 30. Qb3 {[%emt 0:01:22]} Re8 {[%emt 0:01:32]} 31. Rfd4 {[%emt 0:01:34]} Qxe6 {[%emt 0:00:22]} 32. Qxe6 Rxe6 33. Rd6 Kf7 34. Rd8 Rc6 35. Ra8 Ke6 36. Re8+ Kf5 37. Rf1+ Kg5 38. Re7 h5 39. Ra7 Nd3 40. Rd7 Ne5 41. Ra7 f5 42. Re7 Ng4 43. h3 Nf6 44. Re2 h4 45. Ra1 Ne4 46. Ree1 Kf4 47. a4 b4 48. a5 Nc3 49. Re7 Nd5 50. Rb7 g5 51. Rd7 (51. Re1 $11 {remains equal.}) 51... Ne3 52. Re1 $1 Nc2 (52... Rc3 $15 53. Kf2 b3) 53. Re2 b3 54. Rd3 g4 55. Rxb3 Nd4 56. Rf2+ Ke4 57. Rb1 g3 58. Re1+ Kd3 59. Ra2 f4 (59... Rc4 $1 $11) 60. Rd1+ Ke4 61. Re1+ Kf5 62. Rd2 Rc4 $11 63. Re8 Rc1+ 0-1

[Event "Istanbul Open 2018"]
[Site "Istanbul"]
[Date "2018.09.02"]
[Round "2"]
[White "Ozsakallioglu, Akin"]
[Black "Darban, Morteza"]
[Result "1/2-1/2"]
[WhiteElo "1861"]
[BlackElo "2333"]
[Annotator "ChessBase"]
[PlyCount "35"]
[EventDate "2018.09.02"]
[EventType "swiss"]
[EventCountry "TUR"]
[SourceTitle "playchess.com"]
[Source "ChessBase"]
[SourceQuality "1"]
[TimeControl "5400+30"]

1. e4 {[%emt 0:00:30]} Nf6 {[%emt 0:00:30]} 2. e5 {[%emt 0:03:30]} Nd5 {[%emt 0:00:00]} 3. c4 {[%emt 0:00:00]} Nb6 {[%emt 0:00:00]} 4. d4 {[%emt 0:00:00]} d6 {[%emt 0:00:30]} 5. f4 {[%emt 0:00:00]} Bf5 {[%emt 0:00:00]} 6. Be3 {[%emt 0:00:00]} e6 {[%emt 0:01:00]} 7. Nc3 {[%emt 0:00:30]} Be7 {[%emt 0:00:00]} 8. Nf3 {[%emt 0:02:30]} O-O {[%emt 0:00:00]} 9. Be2 {[%emt 0:02:30]} d5 {[%emt 0:00:30]} 10. b3 {[%emt 0:06:30]} dxc4 {[%emt 0:00:00]} 11. bxc4 {[%emt 0:00:00]} Nc6 {[%emt 0:04:00]} 12. O-O {[%emt 0:06:00]} Na5 {[%emt 0:01:30]} 13. Nd2 {[%emt 0:03:30]} h6 {[%emt 0:23:30]} 14. g4 {[%emt 0:08:30]} Bh7 {[%emt 0:00:30]} 15. c5 {[%emt 0:02:30]} Nd5 {[%emt 0:00:30]} 16. Nxd5 {[%emt 0:00:30]} Qxd5 {[%emt 0:00:00]} 17. Bf3 {[%emt 0:00:30]} Qd7 {[%emt 0:00:00]} 18. Nb3 {[%emt 0:01:30]} 1/2-1/2

[Event "Istanbul Open 2018"]
[Site "Istanbul"]
[Date "2018.09.02"]
[Round "2"]
[White "Mehrinejad, Mansour"]
[Black "Yalcinkaya, Efe"]
[Result "1/2-1/2"]
[WhiteElo "1839"]
[BlackElo "1534"]
[Annotator "NA"]
[PlyCount "123"]
[EventDate "2018.09.02"]
[EventType "swiss"]
[EventCountry "TUR"]
[SourceTitle "playchess.com"]
[Source "ChessBase"]
[SourceQuality "1"]
[TimeControl "5400+30"]

1. d4 {[%emt 0:04:30]} Nf6 {[%emt 0:03:30]} 2. Bg5 {[%emt 0:00:30]} d5 {[%emt 0:00:30]} 3. Nf3 {[%emt 0:00:30]} e6 {[%emt 0:00:30]} 4. e3 {[%emt 0:00:30]} c5 {[%emt 0:01:30]} 5. c3 {[%emt 0:00:30]} Nbd7 {[%emt 0:00:30]} 6. Bd3 {[%emt 0:00:00]} Be7 {[%emt 0:00:30]} 7. O-O {[%emt 0:00:00]} O-O {[%emt 0:01:30]} 8. Nbd2 {[%emt 0:00:30]} b6 {[%emt 0:01:30]} 9. Ne5 {[%emt 0:00:30]} Bb7 {[%emt 0:02:30]} 10. Ndf3 {[%emt 0:01:30] D03: 1 d4 d5 2 Nf3 Nf6 3 Bg5, including Torre Attack with early ...d5} (10. f4 Ne8 11. Bxe7 Qxe7 12. Rf3 g6 13. Rg3 Ng7 14. Rh3 f6 15. Nxd7 Qxd7 16. Qg4 Nf5 17. Qe2 e5 18. fxe5 fxe5 19. dxe5 {½-½ (36) Ponomarev,D (2409)-Goganov,A (2608) Voronezh 2015}) 10... Nxe5 {[%emt 0:05:30]} 11. Nxe5 {[%emt 0:00:30]} Ne4 {[%emt 0:00:30]} 12. f3 {[%emt 0:05:30]} Nd6 {[%emt 0:03:30]} 13. Bxe7 {[%emt 0:00:30]} Qxe7 {[%emt 0:01:30]} 14. Qc2 {[%emt 0:01:30]} f5 $146 {[%emt 0:03:30]} ({Predecessor:} 14... g6 15. Rae1 f6 16. Bxg6 fxe5 17. dxe5 Nf5 18. Bxf5 Rxf5 19. f4 Kh8 20. g4 Rg8 {0-1 (28) Bejatovic,B-Jalabadze,N (1995) Kemer 2007}) 15. Qe2 {[%emt 0:04:30]} a5 {[%emt 0:07:30]} 16. Rae1 {[%emt 0:01:30]} a4 {[%emt 0:08:30]} 17. a3 {[%emt 0:00:30]} Qe8 {[%emt 0:03:30]} 18. Qf2 {[%emt 0:03:30]} c4 {[%emt 0:03:30]} 19. Bb1 {[%emt 0:00:30]} Qb5 {[%emt 0:01:30]} 20. Re2 {[%emt 0:06:30]} Qe8 {[%emt 0:06:30]} 21. Qh4 {[%emt 0:04:30]} Rd8 {[%emt 0:05:30]} (21... Nf7 $14) 22. g4 {[%emt 0:10:30]} g6 {[%emt 0:03:30]} (22... Rc8 $16 {war nötig.}) 23. h3 {[%emt 0:06:30]} Rc8 {[%emt 0:08:30]} 24. Qg3 {[%emt 0:06:30]} Rc7 {[%emt 0:02:25]} 25. Nxg6 {[%emt 0:02:30]} Qxg6 {[%emt 0:00:38]} 26. Qxd6 {[%emt 0:01:30]} Rcf7 {[%emt 0:00:23]} 27. Qg3 {[%emt 0:03:30]} Qh6 {[%emt 0:03:49]} 28. f4 {[%emt 0:03:30]} Rg7 {[%emt 0:01:17]} 29. g5 {[%emt 0:00:30]} Qg6 {[%emt 0:00:15]} 30. Bc2 {[%emt 0:01:30]} b5 {[%emt 0:00:17]} 31. h4 {[%emt 0:02:30]} h5 {[%emt 0:00:00]} 32. Bd1 {[%emt 0:01:30]} Kh8 {[%emt 0:00:00]} 33. Rg2 {[%emt 0:00:30]} Rh7 {[%emt 0:00:29]} 34. Qf3 {[%emt 0:00:30]} Kg7 {[%emt 0:00:30]} 35. Qe2 {[%emt 0:00:30]} Ra8 {[%emt 0:00:30]} 36. Bc2 {[%emt 0:00:30]} Bc6 {[%emt 0:00:30]} 37. Rb1 {[%emt 0:00:30]} Rhh8 {[%emt 0:00:30]} 38. Kh2 {[%emt 0:00:30]} Rhb8 {[%emt 0:00:38]} 39. Kg3 {[%emt 0:00:30]} Kh7 {[%emt 0:00:38]} 40. Bd1 {[%emt 0:00:30]} Be8 {[%emt 0:00:35]} 41. Qf3 {[%emt 0:00:30]} Kg7 {[%emt 0:00:00]} 42. Rg1 {[%emt 0:00:30]} Kh7 {[%emt 0:00:40]} 43. Re1 {[%emt 0:01:30]} Rd8 {[%emt 0:00:36]} 44. Rc1 {[%emt 0:00:00]} Ra6 {[%emt 0:00:14]} 45. Rc2 {[%emt 0:00:00]} Rad6 {[%emt 0:00:17]} 46. Rd2 {[%emt 0:01:30]} Bc6 {[%emt 0:00:34]} 47. Bc2 {[%emt 0:05:30]} Kg7 {[%emt 0:00:00]} 48. Kh2 {[%emt 0:00:30]} Kh7 $16 {[%emt 0:00:00]} 49. Rf2 (49. Rde2 {[%emt 0:01:30]}) 49... Kg7 50. Qh3 Kh7 51. Bd1 Kg7 52. Bf3 Kh7 53. Qg2 Kg7 54. Qf1 Kh7 55. Qe2 Rh8 56. Qd1 Kg7 57. Qc2 Re8 58. Be2 Ra8 59. Kg3 Kh7 60. Kf3 Kg7 61. Bd1 Kh7 62. Qb1 1/2-1/2

[Event "Istanbul Open 2018"]
[Site "Istanbul"]
[Date "2018.09.02"]
[Round "2"]
[White "Teymurov, Elnur"]
[Black "Adiguzel, Eray"]
[Result "0-1"]
[WhiteElo "1823"]
[BlackElo "1295"]
[Annotator "NA"]
[PlyCount "112"]
[EventDate "2018.09.02"]
[EventType "swiss"]
[EventCountry "TUR"]
[SourceTitle "playchess.com"]
[Source "ChessBase"]
[SourceQuality "1"]
[TimeControl "5400+30"]

1. e4 {[%emt 0:00:30]} c5 {[%emt 0:00:30]} 2. Nf3 {[%emt 0:00:30]} d6 {[%emt 0:00:30]} 3. Bb5+ {[%emt 0:00:30]} Bd7 {[%emt 0:00:30]} 4. c4 {[%emt 0:00:00]} e5 {[%emt 0:06:30] B52: Sicilian: Moscow Variation with 3...Bd7} (4... Nc6 5. d4 cxd4 6. Nxd4 g6 7. Nc3 Bg7 8. Be3 Nf6 9. f3 O-O 10. Bxc6 bxc6 11. O-O e5 12. Nde2 Be6 13. Qa4 d5 14. cxd5 cxd5 15. exd5 Nxd5 16. Nxd5 Qxd5 {½-½ (31) Romanov,E (2619)-Artemiev,V (2704) Sochi 2018}) 5. Nc3 {[%emt 0:02:30]} Nf6 {[%emt 0:00:30]} 6. d3 {[%emt 0:01:30]} h6 {[%emt 0:00:30]} 7. Bxd7+ {[%emt 0:04:30]} Qxd7 {[%emt 0:05:30]} 8. Ne2 $146 {[%emt 0:07:30]} ({Predecessor:} 8. O-O Nc6 9. a3 Be7 10. Be3 Nd4 11. b4 Nxf3+ 12. Qxf3 Qg4 13. Qxg4 Nxg4 {1-0 (65) Pancevski,F (2502)-Stojkoski,A (2196) Ohrid 2017}) 8... Nc6 {[%emt 0:02:30]} 9. Bd2 {[%emt 0:01:30]} a5 {[%emt 0:04:30]} 10. a4 {[%emt 0:05:30]} Nb4 {[%emt 0:04:30]} 11. Bxb4 {[%emt 0:05:30]} axb4 {[%emt 0:00:30]} 12. O-O {[%emt 0:02:30]} Be7 {[%emt 0:02:30]} 13. Ng3 {[%emt 0:03:30]} h5 {[%emt 0:10:30]} 14. Nf5 {[%emt 0:02:30]} g6 {[%emt 0:10:30]} 15. Nxe7 {[%emt 0:01:30]} Kxe7 {[%emt 0:01:30]} 16. b3 {[%emt 0:09:30]} g5 {[%emt 0:01:30]} (16... h4 $15 {stays ahead.}) 17. Ne1 {[%emt 0:04:30]} (17. Nxg5 $16 Rag8 18. h4) 17... h4 {[%emt 0:01:30]} 18. Nc2 {[%emt 0:03:30]} Nh5 {[%emt 0:04:30]} 19. Ne3 {[%emt 0:06:30]} Nf6 {[%emt 0:03:30]} 20. Qf3 {[%emt 0:05:30]} Rag8 {[%emt 0:05:30]} (20... Qe6 $11) 21. Qf5 Qxf5 22. Nxf5+ Ke6 23. Ne3 Nh5 24. g3 g4 25. Nf5 hxg3 26. fxg3 Ng7 27. Ne3 Ne8 28. Nd5 Rg5 29. a5 f5 30. a6 bxa6 31. Rxa6 Rh7 32. Ra8 Nf6 33. Rf8 Rh6 34. Rxf5 Rxf5 35. exf5+ Kxf5 36. Kg2 Ke6 37. Nxf6 Rxf6 38. Rg8 Rf3 39. Rxg4 Rxd3 40. Re4 d5 41. Re2 dxc4 42. bxc4 b3 43. Rb2 e4 44. h4 Ke5 45. h5 Kd4 46. h6 Kc3 47. h7 Rd8 48. Rb1 Rh8 49. Kf2 Rxh7 50. Ke3 b2 51. Kxe4 Kc2 52. Rf1 b1=Q 53. Rxb1 Kxb1 54. g4 Kb2 55. Kd5 Kb3 56. Kxc5 Rc7+ 0-1

[Event "Istanbul Open 2018"]
[Site "Istanbul"]
[Date "2018.09.02"]
[Round "2"]
[White "Topac, Ahmet Eren"]
[Black "Kuseyri, Mehmet Ali"]
[Result "0-1"]
[WhiteElo "1803"]
[BlackElo "1962"]
[Annotator "NA"]
[PlyCount "52"]
[EventDate "2018.09.02"]
[EventType "swiss"]
[EventCountry "TUR"]
[SourceTitle "playchess.com"]
[Source "ChessBase"]
[SourceQuality "1"]
[TimeControl "5400+30"]

1. e4 {[%emt 0:00:30]} e5 {[%emt 0:00:30]} 2. Nf3 {[%emt 0:00:00]} Nc6 {[%emt 0:00:00]} 3. d4 {[%emt 0:00:00]} exd4 {[%emt 0:00:00]} 4. Ng1 {[%emt 0:00:30]} Nb8 {[%emt 0:00:30]} 5. Nf3 {[%emt 0:00:30]} Nc6 {[%emt 0:00:30]} 6. Nxd4 {[%emt 0:00:00]} Nf6 {[%emt 0:00:30]} 7. Nc3 {[%emt 0:00:00]} Bb4 {[%emt 0:00:30]} 8. Nxc6 {[%emt 0:03:30]} bxc6 {[%emt 0:00:00]} 9. Bd3 {[%emt 0:00:30]} O-O {[%emt 0:01:00]} 10. Bg5 {[%emt 0:00:30]} h6 {[%emt 0:00:30]} 11. Bh4 {[%emt 0:01:30]} Re8 {[%emt 0:01:30]} 12. O-O {[%emt 0:01:30]} g5 {[%emt 0:01:30]} 13. Bg3 {[%emt 0:00:00]} Bxc3 {[%emt 0:00:30]} 14. bxc3 {[%emt 0:00:00]} Nxe4 {[%emt 0:00:30] C47: Schottisches Vierspringerspiel} 15. Qh5 {[%emt 0:02:30]} Kg7 {[%emt 0:01:30]} (15... d6 16. f4 Bf5 17. Bxe4 Bxe4 18. fxg5 Qxg5 19. Qxf7+ Kh8 20. Qxc7 Bxg2 21. Kxg2 Re2+ 22. Rf2 Rxf2+ 23. Kxf2 Rf8+ 24. Kg2 Qd5+ 25. Kg1 Qc5+ 26. Kg2 Qd5+ {½-½ (24) Stevic,H (2587)-Saric,I (2677) Pozega 2018}) 16. Rae1 {[%emt 0:02:30]} d5 {[%emt 0:01:30]} 17. f4 $146 {[%emt 0:04:30]} ({Vorgänger:} 17. Bxe4 Rxe4 18. Rxe4 dxe4 19. f4 f5 20. fxg5 hxg5 21. Be5+ Kf8 22. Qh8+ {1-0 (20) Vazquez Gonzalez,F (1929)-Blanco Diez,D (1719) Madrid 2015}) 17... Nxg3 {[%emt 0:03:30]} 18. hxg3 {[%emt 0:00:00]} Rxe1 {[%emt 0:03:30]} 19. Rxe1 {[%emt 0:00:00]} Bd7 {[%emt 0:01:30]} 20. Re5 {[%emt 0:03:30]} gxf4 {[%emt 0:05:30]} 21. gxf4 {[%emt 0:00:30]} Qf6 {[%emt 0:00:30]} 22. g4 {[%emt 0:13:30]} Qxf4 {[%emt 0:04:30]} 23. g5 {[%emt 0:01:30]} Qg3+ {[%emt 0:28:30]} ({Inferior is} 23... Qxe5 24. Qxh6+ Kg8 25. Bh7+ Kh8 26. Bg6+ Kg8 27. Qh7+ Kf8 28. Qxf7#) 24. Kh1 {[%emt 0:00:00] [#]} Rh8 $1 {[%emt 0:03:30]} ({Minderwertig wäre} 24... Qxe5 25. Qxh6+ Kg8 26. Bh7+ Kh8 27. Bg6+ Kg8 28. Qh7+ Kf8 29. Qxf7#) 25. Re7 {[%emt 0:05:00]} Be6 {[%emt 0:00:30]} 26. g6 {[%emt 0:06:30]} Rb8 $19 {[%emt 0:00:30]} 0-1